An adaptive backstepping based nonlinear controller for patients with type 1 diabetes (Record no. 332372)
[ view plain ]
| 000 -LEADER | |
|---|---|
| fixed length control field | 00544nam a2200145 4500 |
| 082 ## - DEWEY DECIMAL CLASSIFICATION NUMBER | |
| Classification number | MSEE-06 |
| 100 ## - MAIN ENTRY--PERSONAL NAME | |
| Personal name | Faysal Munir |
| 245 ## - TITLE STATEMENT | |
| Title | An adaptive backstepping based nonlinear controller for patients with type 1 diabetes |
| 260 ## - PUBLICATION, DISTRIBUTION, ETC. | |
| Place of publication, distribution, etc. | Islamabad |
| Name of publisher, distributor, etc. | NUST-SEECS |
| Date of publication, distribution, etc. | 2016 |
| 300 ## - PHYSICAL DESCRIPTION | |
| Extent | 36p. |
| Accompanying material | CD Includes |
| 856 ## - Uniform Resource Identifier | |
| Uniform Resource Identifier | <a href="http://10.250.8.41:8080/xmlui/handle/123456789/20307">http://10.250.8.41:8080/xmlui/handle/123456789/20307</a> |
| 942 ## - ADDED ENTRY ELEMENTS (KOHA) | |
| Source of classification or shelving scheme | |
| Koha item type | Thesis |
| Withdrawn status | Lost status | Source of classification or shelving scheme | Damaged status | Not for loan | Collection code | Permanent Location | Current Location | Shelving location | Date acquired | Source of acquisition | Total Checkouts | Full call number | Barcode | Date last seen | Price effective from | Koha item type | Non-public note |
|---|---|---|---|---|---|---|---|---|---|---|---|---|---|---|---|---|---|
| Central Library (CL) | Central Library (CL) | General Stacks | 12/03/2017 | NUST-SEECS | MSEE-06 | SEECSP02184 | 12/03/2017 | 12/03/2017 | Project Report | ||||||||
| Central Library (CL) | Central Library (CL) | Thesis | 10/03/2019 | 621.3 | CL-T-3424 | 10/03/2019 | 10/03/2019 | Thesis | Minute Sheet No. 0929/02/CL/Survey/5 dated 23rd April 2024 E-MIN ID 114741 | ||||||||
| Central Library (CL) | Central Library (CL) | Thesis | 10/09/2019 | 621.3 MSEE-06 | CL-T-3389 | 10/09/2019 | 10/09/2019 | Thesis | Minute Sheet No. 0929/02/CL/Survey/5 dated 23rd April 2024 E-MIN ID 114741 |
